<The> European Union after Amsterdam <a> legal analysis
Salvato in:
| Natura: | Libro |
|---|---|
| Lingua: | inglese |
| Pubblicazione: |
The Hague
Kluwer Law International
1998
|
| Soggetti: | |
| Tags: |
Nessun Tag, puoi essere il primo ad aggiungerne!!
|
MARC
| LEADER | 00000nam a2200000 4500 | ||
|---|---|---|---|
| 001 | c117254 | ||
| 005 | 20240226085931.4 | ||
| 020 | |a 90-411-1131-X | ||
| 041 | 0 | |a eng | |
| 044 | |a NL | ||
| 245 | 1 | 0 | |a <The> European Union after Amsterdam |b <a> legal analysis |c Editors Ton Heukels, Niels Blokker, Marcel Brus |
| 264 | 1 | |a The Hague |b Kluwer Law International |c 1998 | |
| 300 | |a [329] s. | ||
| 610 | 2 | 0 | |a Európska únia |
| 610 | 2 | 0 | |a Európske spoločenstvá |
| 610 | 2 | 0 | |a Rada Európy |
| 610 | 2 | 0 | |a Európa |
| 610 | 2 | 0 | |a spolupráca hospodárska medzinárodná |
| 610 | 2 | 0 | |a politika medzinárodná |
| 610 | 2 | 0 | |a politika zahraničnohospodárska |
| 610 | 2 | 0 | |a politika zahraničnoobchodná |